000 00245nam a22001217a 4500
082 _a507.2 TAN'G
100 _aTANNER'J.M
_956343
245 _aGROWTH
250 _a2ND
260 _aHONG KONG
_bTIME-LIFE
_c1981
300 _a200P
942 _cBK
999 _c566792
_d566792